ბათუმის შოთა რუსთაველის სახელმწიფო უნივერსიტეტის ბიბლიოთეკა

Плиоценовые и плейстоценовые флоры западной Грузии и их связи с современной флорой (ბიბ.ჩანაწერი № 45523)

000 -LEADER
fixed length control field 01279nam a2200217Ia 4500
001 - CONTROL NUMBER
control field 12348
003 - CONTROL NUMBER IDENTIFIER
control field GE_BSU
008 - FIXED-LENGTH DATA ELEMENTS--GENERAL INFORMATION
fixed length control field 181216s||||||||xx |||||||||||||| ||und||
040 ## - CATALOGING SOURCE
Transcribing agency GE_BSU
080 ## - UNIVERSAL DECIMAL CLASSIFICATION NUMBER
Universal Decimal Classification number 561(118)(47.922)
100 ## - MAIN ENTRY--PERSONAL NAME
Personal name Ратиани,Н.К.
245 ## - TITLE STATEMENT
Title Плиоценовые и плейстоценовые флоры западной Грузии и их связи с современной флорой
245 ## - TITLE STATEMENT
Remainder of title დასავლეთ საქართველოს კლიოცენური და პლეისტოცენური ფლორები და მათი კავშირი თანამედროვე ფლორასთან
260 ## - PUBLICATION, DISTRIBUTION, ETC.
Place of publication, distribution, etc. Тбилиси
260 ## - PUBLICATION, DISTRIBUTION, ETC.
Name of publisher, distributor, etc. Мецниереба
260 ## - PUBLICATION, DISTRIBUTION, ETC.
Date of publication, distribution, etc. 1979
300 ## - PHYSICAL DESCRIPTION
Extent 236стр.22см.
653 ## - INDEX TERM--UNCONTROLLED
Uncontrolled term Плиоценовые и плейстоценовые флоры западной Грузии и их связи с современной флорой
653 ## - INDEX TERM--UNCONTROLLED
Uncontrolled term დასავლეთ საქართველოს კლიოცენური და პლეისტოცენური ფლორები და მათი კავშირი თანამედროვე ფლორასთან
942 ## - ADDED ENTRY ELEMENTS (KOHA)
Koha item type წიგნი
ეგზემპლარები
Withdrawn status Lost status Damaged status Not for loan Date acquired Barcode Date last seen Price effective from Koha item type
        2018-12-17 20493 2018-12-17 2018-12-17 წიგნი
        2018-12-17 20494 2018-12-17 2018-12-17 წიგნი